[Event "FRA T II 20102011"]
[Site "FRA"]
[Date "2010.11.14"]
[Round "3.4"]
[White "Yacob, Francois"]
[Black "Bertrand, Xavier"]
[Result "0-1"]
[WhiteElo "2147"]
[BlackElo "2119"]
[PlyCount "98"]
[EventDate "2010.11.13"]
[EventType "team-match"]
[EventRounds "9"]
[EventCountry "FRA"]
[Source "FFE"]
[SourceDate "2010.10.29"]
[BlackTeamCountry "FRA"]

1. e4 e6 2. d4 d5 3. Nc3 Nc6 4. Nf3 Nf6 5. e5 Ne4 6. Bd3 Bb4 7. Bd2 Nxd2 8.
Qxd2 f6 9. a3 Be7 10. Qf4 Bd7 11. Qh4 f5 12. Qh5+ g6 13. Qh6 Bf8 14. Qf4 h6 15.
h4 g5 16. Qg3 g4 17. Ne2 Qe7 18. Nd2 h5 19. Nf4 Qf7 20. Qe3 Bh6 21. g3 Ne7 22.
Nb3 Ng6 23. Nc1 Bxf4 24. gxf4 Qe7 25. Qg3 O-O-O 26. Ne2 Kb8 27. O-O-O Rc8 28.
Kb1 a6 29. c4 Bc6 30. Nc3 dxc4 31. d5 cxd3 32. dxc6 Rhd8 33. cxb7 Kxb7 34. Rxd3
Rxd3 35. Qxd3 Qe8 36. Rd1 Qc6 37. Qd4 Nxh4 38. Rd3 Nf3 39. Qb4+ Ka8 40. Na4 Rb8
41. Qa5 Qb5 42. Qxb5 axb5 43. Nc5 Rb6 44. Rd8+ Ka7 45. Re8 Rc6 46. Nxe6 b4 47.
b3 bxa3 48. Ng7 Nd4 49. e6 Rc2 0-1

[Event "FRA T II 20102011"]
[Site "FRA"]
[Date "2010.11.14"]
[Round "3.5"]
[White "Dessenne, Francois"]
[Black "Hameau, Cyril"]
[Result "1-0"]
[WhiteElo "2071"]
[BlackElo "1954"]
[PlyCount "91"]
[EventDate "2010.11.13"]
[EventType "team-match"]
[EventRounds "9"]
[EventCountry "FRA"]
[Source "FFE"]
[SourceDate "2010.10.29"]
[BlackTeamCountry "FRA"]

1. e4 e5 2. Nf3 Nc6 3. Bb5 f5 4. Nc3 fxe4 5. Nxe4 Nf6 6. Qe2 d6 7. d4 Bd7 8.
Nxf6+ gxf6 9. Be3 Qe7 10. d5 Nd8 11. Bc4 Nf7 12. O-O-O a6 13. h3 f5 14. Rhe1
Qf6 15. Nd4 Bg7 16. Ne6 Bxe6 17. dxe6 Nd8 18. Qd2 f4 19. Bc5 Nxe6 20. Ba3 O-O-O
21. Qd5 Nd4 22. c3 Nb5 23. Bxb5 axb5 24. Qxb5 Qg6 25. f3 Rhg8 26. Rd2 Qe8 27.
Qa5 Kb8 28. Re4 Qc6 29. Ra4 b6 30. Qa7+ Kc8 31. Qa6+ Qb7 32. Qd3 h6 33. c4 Qc6
34. Rb4 d5 35. Qf5+ Kb7 36. Rc2 d4 37. Qd3 Bf8 38. c5 Bxc5 39. Rb5 Rd5 40. Bxc5
Rxg2 41. Rxg2 Rxc5+ 42. Rxc5 Qxc5+ 43. Rc2 Qa5 44. Qe4+ Kb8 45. a3 Qb5 46. Kb1
1-0

[Event "FRA T II 20102011"]
[Site "FRA"]
[Date "2010.11.14"]
[Round "3.7"]
[White "Warkentin, Jurgen"]
[Black "Bochef, Bryann"]
[Result "0-1"]
[WhiteElo "1933"]
[BlackElo "1953"]
[PlyCount "118"]
[EventDate "2010.11.13"]
[EventType "team-match"]
[EventRounds "9"]
[EventCountry "FRA"]
[Source "FFE"]
[SourceDate "2010.10.29"]
[BlackTeamCountry "FRA"]

1. d4 Nf6 2. Nc3 d6 3. Bg5 Nbd7 4. Nf3 c6 5. e3 e5 6. Bd3 Be7 7. O-O h6 8. Bh4
O-O 9. Bf5 g6 10. dxe5 dxe5 11. Bxd7 Nxd7 12. Bxe7 Qxe7 13. e4 Nb6 14. Qd2 Kg7
15. Rad1 Nc4 16. Qc1 Bg4 17. Rd3 Rad8 18. Rfd1 Bxf3 19. gxf3 Rxd3 20. cxd3 Nb6
21. f4 Rd8 22. fxe5 Qxe5 23. Qe3 Qh5 24. Qf4 Nc4 25. d4 Nxb2 26. Rb1 Nd3 27.
Qe3 Qg4+ 28. Kh1 Nf4 29. Rg1 Qh4 30. Rg3 Ne6 31. Ne2 Qf6 32. f4 Qh4 33. Kg2 b5
34. Rh3 Qg4+ 35. Rg3 Qh4 36. Rh3 Qg4+ 37. Rg3 Qh5 38. Rh3 Qxe2+ 39. Qxe2 Nxf4+
40. Kf3 Nxe2 41. Kxe2 Rxd4 42. Re3 Kf6 43. Rf3+ Ke6 44. Ke3 c5 45. h4 Ra4 46.
Rf2 a6 47. h5 g5 48. Rd2 Ra3+ 49. Kf2 c4 50. Kg2 c3 51. Rc2 b4 52. Kf3 Ke5 53.
Ke3 a5 54. Kd3 g4 55. Ke3 a4 56. Kd3 b3 57. axb3 axb3 58. Rxc3 b2 59. Rxa3
b1=Q+ 0-1

[Event "FRA T II 20102011"]
[Site "FRA"]
[Date "2010.10.17"]
[Round "1.6"]
[White "Kambrath, Yannick"]
[Black "Valin, Clement"]
[Result "1-0"]
[WhiteElo "2036"]
[BlackElo "2041"]
[PlyCount "43"]
[EventDate "2010.11.13"]
[EventType "team-match"]
[EventRounds "9"]
[EventCountry "FRA"]
[Source "FFE"]
[SourceDate "2010.10.29"]
[BlackTeamCountry "FRA"]

1. d4 Nf6 2. c4 e5 3. dxe5 Ng4 4. Nf3 Bc5 5. e3 Nc6 6. Be2 O-O 7. O-O Re8 8. b3
Ngxe5 9. Nbd2 a5 10. Bb2 Qe7 11. Ne4 Ng4 12. Bd3 Bxe3 13. fxe3 Nxe3 14. Qd2
Nxf1 15. Rxf1 f6 16. Re1 Qf8 17. Nxf6+ gxf6 18. Rxe8 Qxe8 19. Qh6 Qe6 20. Bxf6
Qg4 21. Qxh7+ Kf8 22. Bg6 1-0

[Event "FRA T II 20102011"]
[Site "FRA"]
[Date "2010.10.17"]
[Round "1.3"]
[White "Magnier, Hugues"]
[Black "Bekkat, Azeddine"]
[Result "1/2-1/2"]
[WhiteElo "2302"]
[BlackElo "2194"]
[PlyCount "61"]
[EventDate "2010.11.13"]
[EventType "team-match"]
[EventRounds "9"]
[EventCountry "FRA"]
[Source "FFE"]
[SourceDate "2010.10.29"]
[BlackTeamCountry "FRA"]

1. d4 Nf6 2. Nf3 e6 3. c4 c5 4. g3 cxd4 5. Nxd4 Bb4+ 6. Bd2 Qb6 7. Bg2 Bc5 8.
e3 Bxd4 9. exd4 Qxd4 10. O-O O-O 11. Qb3 d5 12. cxd5 Nxd5 13. Rd1 Nc6 14. Nc3
Nxc3 15. Bxc3 Qg4 16. f4 a5 17. Qb6 Qe2 18. Rd2 Qa6 19. Qc7 e5 20. fxe5 Be6 21.
Rad1 Rac8 22. Qd6 Bxa2 23. Bh3 Rcd8 24. Qc5 Rxd2 25. Rxd2 Qc4 26. Qxc4 Bxc4 27.
Rd7 b5 28. Rc7 Bd5 29. b3 b4 30. Bb2 Nd8 31. Rc5 1/2-1/2

[Event "FRA T II 20102011"]
[Site "FRA"]
[Date "2010.10.17"]
[Round "1.6"]
[White "Bousmaha, Abderahmane"]
[Black "Bernard, Serge"]
[Result "1-0"]
[WhiteElo "2086"]
[BlackElo "2067"]
[PlyCount "35"]
[EventDate "2010.11.13"]
[EventType "team-match"]
[EventRounds "9"]
[EventCountry "FRA"]
[Source "FFE"]
[SourceDate "2010.10.29"]
[BlackTeamCountry "FRA"]

1. e4 g6 2. d4 Bg7 3. Bc4 e6 4. Nc3 Ne7 5. Nf3 d5 6. Bd3 dxe4 7. Nxe4 O-O 8. h4
Nbc6 9. c3 e5 10. Bg5 exd4 11. cxd4 h5 12. Qd2 Qd5 13. Rc1 Nf5 14. Rc5 Qxa2 15.
O-O Nd6 16. Nf6+ Kh8 17. d5 Nb4 18. Qxb4 1-0

[Event "FRA T II 20102011"]
[Site "FRA"]
[Date "2010.10.17"]
[Round "1.4"]
[White "Mondon, Fabrice"]
[Black "Lestrelin, Guillaume"]
[Result "1/2-1/2"]
[WhiteElo "2020"]
[BlackElo "2107"]
[PlyCount "44"]
[EventDate "2010.11.13"]
[EventType "team-match"]
[EventRounds "9"]
[EventCountry "FRA"]
[Source "FFE"]
[SourceDate "2010.10.29"]
[BlackTeamCountry "FRA"]

1. e4 c5 2. Nf3 d6 3. d4 cxd4 4. Nxd4 Nf6 5. Nc3 g6 6. Bc4 Bg7 7. O-O O-O 8. h3
Nc6 9. Be3 Nxe4 10. Nxe4 d5 11. Nxc6 bxc6 12. Bc5 Qc7 13. Bb3 dxe4 14. c3 Qa5
15. Bxe7 Re8 16. Bh4 Qf5 17. Qd6 Ba6 18. Rfe1 Rac8 19. g4 Be5 20. gxf5 Bxd6 21.
fxg6 hxg6 22. Rad1 Bd3 1/2-1/2

[Event "FRA T II 20102011"]
[Site "FRA"]
[Date "2010.10.17"]
[Round "1.1"]
[White "Preissmann, Emmanuel"]
[Black "Dussart, Frederic"]
[Result "1/2-1/2"]
[WhiteElo "2316"]
[BlackElo "2267"]
[PlyCount "48"]
[EventDate "2010.11.13"]
[EventType "team-match"]
[EventRounds "9"]
[EventCountry "FRA"]
[Source "FFE"]
[SourceDate "2010.10.29"]
[BlackTeamCountry "FRA"]

1. e4 c5 2. Nf3 Nc6 3. c3 d5 4. exd5 Qxd5 5. d4 e6 6. Na3 Nf6 7. Nb5 Qd8 8.
dxc5 Bxc5 9. Qxd8+ Kxd8 10. Bf4 Ne8 11. Ng5 Ke7 12. Ne4 Bb6 13. Ned6 e5 14.
Nxc8+ Rxc8 15. Bg3 a6 16. Na3 Nd6 17. Nc4 Nxc4 18. Bxc4 Rhd8 19. Be2 Rd6 20.
Rd1 Rcd8 21. Rxd6 Rxd6 22. Bf3 Ke6 23. Ke2 f5 24. Bxc6 Rxc6 1/2-1/2

[Event "FRA T II 20102011"]
[Site "FRA"]
[Date "2010.11.13"]
[Round "2.1"]
[White "Vareille, Francois"]
[Black "Deslandes, Pascal"]
[Result "1-0"]
[WhiteElo "2381"]
[BlackElo "2282"]
[PlyCount "55"]
[EventDate "2010.11.13"]
[EventType "team-match"]
[EventRounds "9"]
[EventCountry "FRA"]
[Source "FFE"]
[SourceDate "2010.10.29"]
[BlackTeamCountry "FRA"]

1. d4 Nf6 2. c4 g6 3. g3 Bg7 4. Bg2 O-O 5. Nc3 d6 6. Nf3 Nc6 7. O-O e5 8. d5
Ne7 9. e4 Bd7 10. Ne1 Ne8 11. Nd3 f5 12. f4 exf4 13. Bxf4 fxe4 14. Nxe4 Nf6 15.
Nxf6+ Bxf6 16. Qd2 Nf5 17. g4 Nh4 18. Bh6 Rf7 19. Nf2 Nxg2 20. Kxg2 Be5 21. Bg5
Bf6 22. Ne4 Bxg5 23. Nxg5 Rg7 24. Kg3 Qe8 25. Rae1 Re7 26. Nf7 Re4 27. Nh6+ Kg7
28. Rxe4 1-0

[Event "FRA T II 20102011"]
[Site "FRA"]
[Date "2010.11.13"]
[Round "2.2"]
[White "Jessel, Stephen"]
[Black "Magnier, Hugues"]
[Result "0-1"]
[WhiteElo "2293"]
[BlackElo "2300"]
[PlyCount "66"]
[EventDate "2010.11.13"]
[EventType "team-match"]
[EventRounds "9"]
[EventCountry "FRA"]
[Source "FFE"]
[SourceDate "2010.10.29"]
[BlackTeamCountry "FRA"]

1. Nf3 d5 2. c4 e6 3. g3 Nf6 4. Bg2 Be7 5. O-O O-O 6. b3 c5 7. e3 Nc6 8. Bb2 b6
9. Nc3 Ba6 10. d3 Rc8 11. Qe2 Qd7 12. Rfd1 Rfd8 13. Rac1 Ne8 14. Qe1 Nc7 15.
cxd5 exd5 16. d4 Qf5 17. dxc5 Bxc5 18. Ne2 Nb4 19. Ned4 Qh5 20. a3 Nd3 21. Rxd3
Bxd3 22. Qc3 Be4 23. Nc6 Ne6 24. Nxd8 Rxd8 25. Ne1 d4 26. exd4 Bxd4 27. Qd2 Be5
28. Qe3 Bxb2 29. Bxe4 Bxc1 30. Qxc1 Qd1 31. Qe3 Qa1 32. Kg2 Qxa3 33. Nf3 Qc5
0-1

[Event "FRA T II 20102011"]
[Site "FRA"]
[Date "2010.11.13"]
[Round "2.3"]
[White "Matrand, Arnaud"]
[Black "Castaignet, Laurent"]
[Result "1-0"]
[WhiteElo "2115"]
[BlackElo "2174"]
[PlyCount "67"]
[EventDate "2010.11.13"]
[EventType "team-match"]
[EventRounds "9"]
[EventCountry "FRA"]
[Source "FFE"]
[SourceDate "2010.10.29"]
[BlackTeamCountry "FRA"]

1. d4 Nf6 2. c4 c5 3. Nf3 cxd4 4. Nxd4 Nc6 5. Nc3 e6 6. g3 a6 7. Bg2 Bb4 8. O-O
O-O 9. e4 Qc7 10. Bf4 e5 11. Nxc6 dxc6 12. Bg5 Be7 13. h3 Be6 14. b3 h6 15. Be3
Nd7 16. Rc1 Rad8 17. Nd5 cxd5 18. cxd5 Qd6 19. dxe6 Qxe6 20. Qd5 Nc5 21. Qc4
Rc8 22. Rfd1 b5 23. Qe2 Nb7 24. Rd5 Rxc1+ 25. Bxc1 Rc8 26. Bb2 f6 27. Bf3 Rc7
28. Bg4 Qb6 29. Bf5 Bc5 30. Qh5 Bxf2+ 31. Kg2 Kf8 32. Bd7 Kg8 33. Qe8+ Kh7 34.
Bf5+ 1-0

[Event "FRA T II 20102011"]
[Site "FRA"]
[Date "2010.11.13"]
[Round "2.4"]
[White "Cheymol, Eric"]
[Black "Ballester, Alexandre"]
[Result "1/2-1/2"]
[WhiteElo "2183"]
[BlackElo "2154"]
[PlyCount "84"]
[EventDate "2010.11.13"]
[EventType "team-match"]
[EventRounds "9"]
[EventCountry "FRA"]
[Source "FFE"]
[SourceDate "2010.10.29"]
[BlackTeamCountry "FRA"]

1. e4 c5 2. c3 Nf6 3. e5 Nd5 4. d4 cxd4 5. Nf3 Nc6 6. Bc4 Nb6 7. Bb3 d5 8. exd6
Qxd6 9. cxd4 Be6 10. O-O Bxb3 11. Qxb3 Qd5 12. Qe3 e6 13. Nc3 Qf5 14. Qf4 Qxf4
15. Bxf4 Be7 16. Rfd1 Nb4 17. Nb5 O-O 18. Nd6 N4d5 19. Bg3 Bxd6 20. Bxd6 Rfd8
21. Bg3 Rac8 22. Rac1 Na4 23. h3 Nxb2 24. Rxc8 Rxc8 25. Rb1 Rc2 26. Ne1 Rd2 27.
Rc1 f6 28. Rc8+ Kf7 29. Rb8 b6 30. Rb7+ Kg6 31. Nf3 Rd1+ 32. Kh2 Nc4 33. Rxa7
Nd2 34. Nxd2 Rxd2 35. Bd6 Rxf2 36. Bf8 Kf5 37. Rxg7 h5 38. Kg3 Rxa2 39. Kf3 h4
40. Rh7 e5 41. dxe5 fxe5 42. Rxh4 Nf6 1/2-1/2

[Event "FRA T II 20102011"]
[Site "FRA"]
[Date "2010.11.13"]
[Round "2.5"]
[White "Riazuelo, Gilles"]
[Black "Large, Laurent"]
[Result "1/2-1/2"]
[WhiteElo "2090"]
[BlackElo "2242"]
[PlyCount "54"]
[EventDate "2010.11.13"]
[EventType "team-match"]
[EventRounds "9"]
[EventCountry "FRA"]
[Source "FFE"]
[SourceDate "2010.10.29"]
[BlackTeamCountry "FRA"]

1. e4 g6 2. d4 Bg7 3. c3 d6 4. Nf3 Nf6 5. Bd3 O-O 6. O-O c5 7. h3 Nc6 8. d5 Nb8
9. Re1 a6 10. a4 e6 11. c4 exd5 12. exd5 Re8 13. Nc3 Nbd7 14. Bf4 Rxe1+ 15.
Qxe1 Qf8 16. Bh2 b6 17. Qd2 Bb7 18. Re1 Re8 19. Rxe8 Nxe8 20. Ne4 a5 21. b3 Ne5
22. Ne1 Qe7 23. Bc2 Nf6 24. Nxf6+ Bxf6 25. f4 Nd7 26. Nf3 Bg7 27. Kf1 f5
1/2-1/2

[Event "FRA T II 20102011"]
[Site "FRA"]
[Date "2010.11.13"]
[Round "2.7"]
[White "Demagnee, Arnaud"]
[Black "Glod, Philippe"]
[Result "1/2-1/2"]
[WhiteElo "2125"]
[BlackElo "2173"]
[PlyCount "96"]
[EventDate "2010.11.13"]
[EventType "team-match"]
[EventRounds "9"]
[EventCountry "FRA"]
[Source "FFE"]
[SourceDate "2010.10.29"]
[BlackTeamCountry "FRA"]

1. e4 e5 2. Nf3 Nc6 3. Bc4 Nf6 4. d3 Be7 5. c3 O-O 6. O-O d6 7. h3 Na5 8. Bb5
c6 9. Ba4 b5 10. Bc2 c5 11. Re1 Qc7 12. Nbd2 Re8 13. Nf1 h6 14. Ng3 Bf8 15. Nh4
g6 16. Nf3 Bg7 17. d4 cxd4 18. cxd4 Bd7 19. Bd3 Qb7 20. Bd2 Qb6 21. Be3 Qb7 22.
dxe5 dxe5 23. Qd2 Nc4 24. Bxc4 bxc4 25. Bxh6 Bxh6 26. Qxh6 Qxb2 27. Nh4 Nh7 28.
Rad1 Be6 29. Nhf5 Bxf5 30. exf5 Qb6 31. Rd7 Qf6 32. fxg6 Qxg6 33. Qh4 c3 34.
Rc1 Rec8 35. Ne4 Rc4 36. Rd8+ Rxd8 37. Qxd8+ Kg7 38. Nxc3 Ng5 39. Kh1 Ne4 40.
Ne2 Rxc1+ 41. Nxc1 Nxf2+ 42. Kh2 Nxh3 43. Qc7 Ng5 44. Qxe5+ Kh7 45. Ne2 Ne4 46.
Ng3 Nxg3 47. Qxg3 Qh5+ 48. Kg1 Qd1+ 1/2-1/2

[Event "FRA T II 20102011"]
[Site "FRA"]
[Date "2010.11.13"]
[Round "2.8"]
[White "Chaumont, Adeline"]
[Black "Rachez, Pascale"]
[Result "1/2-1/2"]
[WhiteElo "2019"]
[BlackElo "1902"]
[PlyCount "94"]
[EventDate "2010.11.13"]
[EventType "team-match"]
[EventRounds "9"]
[EventCountry "FRA"]
[Source "FFE"]
[SourceDate "2010.10.29"]
[BlackTeamCountry "FRA"]

1. d4 Nf6 2. c4 d6 3. Nc3 g6 4. e4 Bg7 5. Nf3 O-O 6. Be2 Nbd7 7. O-O e5 8. Be3
Ng4 9. Bg5 f6 10. Bc1 exd4 11. Nxd4 Nde5 12. f4 f5 13. fxe5 dxe5 14. Nf3 Qxd1
15. Rxd1 fxe4 16. Nxe4 Bf5 17. Ng3 e4 18. Ng5 c5 19. Nxf5 gxf5 20. Bxg4 Bd4+
21. Kh1 fxg4 22. Nxe4 Rae8 23. Ng3 Rf2 24. Bh6 Re6 25. Bg5 Rxb2 26. Rab1 Rxb1
27. Rxb1 Ra6 28. Rxb7 Rxa2 29. Rb1 a5 30. Nf5 Be5 31. Nh6+ Kg7 32. Nxg4 Bd4 33.
Bh6+ Kg6 34. h3 a4 35. Rb6+ Kf5 36. Kh2 a3 37. Ra6 Ra1 38. Ne3+ Ke4 39. Nc2
Be5+ 40. g3 Ra2 41. Rxa3 Rxc2+ 42. Kg1 Rxc4 43. Kf1 Rc2 44. g4 c4 45. Re3+ Kd5
46. Rf3 c3 47. Rf5 Ke4 {suite illisible} 1/2-1/2

[Event "FRA T II 20102011"]
[Site "FRA"]
[Date "2010.11.13"]
[Round "2.1"]
[White "Boulard, Eric"]
[Black "Colliou, Yannick"]
[Result "1-0"]
[WhiteElo "2202"]
[BlackElo "2233"]
[PlyCount "93"]
[EventDate "2010.11.13"]
[EventType "team-match"]
[EventRounds "9"]
[EventCountry "FRA"]
[Source "FFE"]
[SourceDate "2010.10.29"]
[BlackTeamCountry "FRA"]

1. e4 d6 2. f4 g6 3. d4 Bg7 4. Nf3 Nf6 5. e5 Nfd7 6. Bc4 e6 7. O-O O-O 8. c3 c5
9. Be3 Nc6 10. Nbd2 cxd4 11. cxd4 Nb6 12. Qe2 Ne7 13. Bb3 Ned5 14. Ne4 dxe5 15.
fxe5 Nxe3 16. Qxe3 Nd5 17. Bxd5 exd5 18. Nd6 h6 19. Qb3 Qa5 20. Rfc1 b6 21. Rc7
Be6 22. Re7 Qa6 23. Qc2 Rfd8 24. Rxe6 fxe6 25. Qxg6 Rf8 26. Qxe6+ Kh7 27. Qxd5
Rad8 28. h3 Rf4 29. Qe6 Qd3 30. Qb3 Qxb3 31. axb3 Rff8 32. Rd1 Rd7 33. Kf2 Rfd8
34. Ke3 Rc7 35. Rd2 Bf8 36. Nf5 Bb4 37. Re2 Kg6 38. Ke4 Rf8 39. g4 Rc1 40. h4
h5 41. gxh5+ Kh7 42. Ng5+ Kh8 43. e6 Rg1 44. Ke5 Rg4 45. d5 Rc8 46. e7 Kg8 47.
Nh6+ 1-0

[Event "FRA T II 20102011"]
[Site "FRA"]
[Date "2010.11.13"]
[Round "2.2"]
[White "Chouquet, Adrien"]
[Black "Gollain, Marc"]
[Result "1-0"]
[WhiteElo "2194"]
[BlackElo "2213"]
[PlyCount "117"]
[EventDate "2010.11.13"]
[EventType "team-match"]
[EventRounds "9"]
[EventCountry "FRA"]
[Source "FFE"]
[SourceDate "2010.10.29"]
[BlackTeamCountry "FRA"]

1. Nf3 d5 2. e3 Nf6 3. b3 g6 4. Bb2 Bg7 5. Be2 O-O 6. O-O c5 7. c4 d4 8. exd4
Nh5 9. Ne5 cxd4 10. Bxh5 Bxe5 11. Bf3 Nc6 12. Bxc6 bxc6 13. d3 Qc7 14. h3 c5
15. Re1 Bb7 16. Nd2 Rad8 17. Qe2 Bd6 18. Ne4 Qc6 19. f3 Bb8 20. Ba3 Qc7 21. Nf2
Rfe8 22. b4 cxb4 23. Bxb4 Ba8 24. Rab1 h5 25. Kf1 e6 26. Bd2 f5 27. Bg5 Rd7 28.
Bf6 Kf7 29. Rxb8 Qxb8 30. Be5 Qb4 31. a3 Qe7 32. Qd2 Rg8 33. Rb1 Bc6 34. Qh6
Ke8 35. Rb8+ Rd8 36. Rxd8+ Kxd8 37. Qf4 Qb7 38. Qxd4+ Kc8 39. Qd6 Re8 40. Kg1
Qb1+ 41. Kh2 Qb6 42. c5 Qb7 43. d4 Bd5 44. Nd3 Rd8 45. c6 Qb6 46. Qe7 Qxc6 47.
Nc5 Qb6 48. a4 a5 49. h4 Bc4 50. Qf7 Rxd4 51. Bxd4 Qd6+ 52. Kh3 Qxd4 53. Qb7+
Kd8 54. Qb8+ Ke7 55. Qc7+ Ke8 56. Nb7 Qd7 57. Nd6+ Ke7 58. Nc8+ Kf6 59. Qxd7
1-0

[Event "FRA T II 20102011"]
[Site "FRA"]
[Date "2010.11.13"]
[Round "2.3"]
[White "Mandarin, Vitomir"]
[Black "Hure, Damien"]
[Result "0-1"]
[WhiteElo "2173"]
[BlackElo "2192"]
[PlyCount "101"]
[EventDate "2010.11.13"]
[EventType "team-match"]
[EventRounds "9"]
[EventCountry "FRA"]
[Source "FFE"]
[SourceDate "2010.10.29"]
[BlackTeamCountry "FRA"]

1. Nf3 c5 2. e4 Nc6 3. Bc4 g6 4. c3 Bg7 5. d4 cxd4 6. cxd4 Qb6 7. e5 d6 8. exd6
Qb4+ 9. Nbd2 Qxd6 10. O-O Nf6 11. Ne5 O-O 12. Ndf3 Bg4 13. Nxg4 Nxg4 14. h3 Nf6
15. g4 Kh8 16. Re1 Ng8 17. Be3 Nf6 18. Qd3 Nd5 19. Bd2 Rad8 20. Rad1 Nb6 21.
Bc3 e6 22. Bb3 Rd7 23. Qe3 Nd5 24. Qe4 Nf6 25. Qe2 Nd5 26. Ng5 Nf6 27. Ne4 Nxe4
28. Qxe4 Ne7 29. Qe3 Nd5 30. Qe4 Rfd8 31. Qf3 b5 32. Bxd5 Qxd5 33. Qe2 Bf8 34.
a3 Rc8 35. Qe3 Bg7 36. Qf4 Kg8 37. Qe3 Rc4 38. b3 Rc8 39. Ba1 a5 40. Rf1 h5 41.
Rc1 Rxc1 42. Rxc1 Bxd4 43. Bxd4 Qxd4 44. Qg5 hxg4 45. Qxb5 gxh3 46. Qb8+ Kg7
47. Qg3 h2+ 48. Kxh2 e5 49. Rc4 Qd5 50. Rh4 Qe6 51. Qg5 {suite illisible} 0-1

[Event "FRA T II 20102011"]
[Site "FRA"]
[Date "2010.11.13"]
[Round "2.5"]
[White "Lebrun, Xavier"]
[Black "Legrand, Stephane"]
[Result "1/2-1/2"]
[WhiteElo "2165"]
[BlackElo "2134"]
[PlyCount "62"]
[EventDate "2010.11.13"]
[EventType "team-match"]
[EventRounds "9"]
[EventCountry "FRA"]
[Source "FFE"]
[SourceDate "2010.10.29"]
[BlackTeamCountry "FRA"]

1. e4 e5 2. Nf3 Nc6 3. Bb5 f5 4. Bxc6 dxc6 5. Qe2 fxe4 6. Qxe4 Bd6 7. Nxe5 Nf6
8. Qe2 O-O 9. d4 Re8 10. O-O Bxe5 11. dxe5 Qd4 12. Qe3 Qxe5 13. Qxe5 Rxe5 14.
Na3 Bf5 15. Bf4 Re7 16. Rfe1 Rae8 17. Kf1 b5 18. Rxe7 Rxe7 19. Rc1 Nd5 20. Bd2
a6 21. Re1 Kf7 22. Rxe7+ Kxe7 23. Ke1 b4 24. Nc4 Bxc2 25. Ne3 Bb1 26. Nxd5+
cxd5 27. Bxb4+ Ke6 28. a3 d4 29. Kd2 Kd5 30. Bf8 g6 31. Bg7 c5 1/2-1/2

[Event "FRA T II 20102011"]
[Site "FRA"]
[Date "2010.11.13"]
[Round "2.6"]
[White "Le Clezio, Sylvain"]
[Black "Kouptsov, Vladimir"]
[Result "0-1"]
[WhiteElo "2040"]
[BlackElo "2106"]
[PlyCount "80"]
[EventDate "2010.11.13"]
[EventType "team-match"]
[EventRounds "9"]
[EventCountry "FRA"]
[Source "FFE"]
[SourceDate "2010.10.29"]
[BlackTeamCountry "FRA"]

1. e4 d6 2. Nc3 Nf6 3. d4 Nbd7 4. f3 e5 5. Be3 Be7 6. Qd2 c6 7. Nge2 O-O 8. g4
b5 9. Ng3 exd4 10. Bxd4 b4 11. Nce2 Ne5 12. Bxe5 dxe5 13. Qxd8 Rxd8 14. Rd1 Be6
15. Rxd8+ Rxd8 16. Nc1 g6 17. h4 c5 18. b3 Nd7 19. Nd3 c4 20. Nb2 Nb6 21. Rh2
c3 22. Nd3 a5 23. Be2 f6 24. h5 a4 25. Nf1 axb3 26. axb3 Ra8 27. Ne3 Ra1+ 28.
Bd1 Bd6 29. hxg6 hxg6 30. Rg2 Kg7 31. Ke2 Nc8 32. Nf2 Ne7 33. g5 f5 34. Nc4
Bxc4+ 35. bxc4 Nc6 36. Kd3 Bc5 37. Be2 Bd4 38. Nd1 b3 39. Nxc3 b2 40. exf5 gxf5
0-1

[Event "FRA T II 20102011"]
[Site "FRA"]
[Date "2010.11.13"]
[Round "2.7"]
[White "Millet, Maud"]
[Black "Santarnecchi, Marcello"]
[Result "0-1"]
[WhiteElo "1984"]
[BlackElo "1898"]
[PlyCount "58"]
[EventDate "2010.11.13"]
[EventType "team-match"]
[EventRounds "9"]
[EventCountry "FRA"]
[Source "FFE"]
[SourceDate "2010.10.29"]
[BlackTeamCountry "FRA"]

1. d4 Nf6 2. c4 e6 3. Nc3 Bb4 4. Bd2 c5 5. e3 cxd4 6. exd4 O-O 7. Nf3 d5 8. c5
b6 9. cxb6 Qxb6 10. a3 Bxc3 11. Bxc3 Ne4 12. Bb4 Re8 13. Qc2 e5 14. dxe5 Nc6
15. Bc3 Nxc3 16. Qxc3 Nxe5 17. Nxe5 d4 18. Qb4 Rxe5+ 19. Kd2 Qh6+ 20. Kd1 Bf5
21. Bc4 Rae8 22. Qb3 Bg6 23. Bd3 Qf4 24. Bxg6 hxg6 25. Qg3 Qf5 26. Qf3 Qe6 27.
Qd3 Re1+ 28. Kc2 Re2+ 29. Kd1 Rxf2 0-1

[Event "FRA T II 20102011"]
[Site "FRA"]
[Date "2010.11.13"]
[Round "2.1"]
[White "Gervais, Victor"]
[Black "Keller, Christophe"]
[Result "1-0"]
[WhiteElo "2322"]
[BlackElo "2209"]
[PlyCount "55"]
[EventDate "2010.11.13"]
[EventType "team-match"]
[EventRounds "9"]
[EventCountry "FRA"]
[Source "FFE"]
[SourceDate "2010.10.29"]
[BlackTeamCountry "FRA"]

1. d4 e6 2. Nf3 Nf6 3. Bg5 h6 4. Bh4 b6 5. e3 Bb7 6. Bd3 Be7 7. Nc3 g5 8. Bg3
g4 9. Ne5 h5 10. e4 d6 11. Nc4 Nxe4 12. Bxe4 Bxe4 13. Nxe4 d5 14. Be5 Rg8 15.
Qd3 dxc4 16. Qxc4 Qd5 17. Qxd5 exd5 18. Ng3 h4 19. Nf5 Bd8 20. O-O Nc6 21. Rae1
Kd7 22. Nh6 Nxe5 23. Nxg8 Nc6 24. Nh6 Nxd4 25. c3 Ne6 26. Nxf7 Bf6 27. Nh6 g3
28. fxg3 1-0

[Event "FRA T II 20102011"]
[Site "FRA"]
[Date "2010.11.13"]
[Round "2.3"]
[White "Adyel, Samir"]
[Black "Eid, Maha"]
[Result "0-1"]
[WhiteElo "2156"]
[BlackElo "2067"]
[PlyCount "86"]
[EventDate "2010.11.13"]
[EventType "team-match"]
[EventRounds "9"]
[EventCountry "FRA"]
[Source "FFE"]
[SourceDate "2010.10.29"]
[BlackTeamCountry "FRA"]

1. d4 Nf6 2. Nc3 d5 3. Bg5 e6 4. e4 dxe4 5. Nxe4 Be7 6. Bxf6 Bxf6 7. Nf3 O-O 8.
c3 Be7 9. Bd3 b6 10. Qe2 Bb7 11. h4 Nd7 12. O-O-O Re8 13. Nfg5 Nf8 14. f4 f5
15. Nd2 Bd6 16. Bxf5 Bxf4 17. Be4 Bxe4 18. Ngxe4 Qd5 19. Kb1 Nd7 20. Rhf1 Rf8
21. Nf3 Nf6 22. Nfg5 Nxe4 23. Nxe4 c6 24. Rf3 Bc7 25. c4 Qd7 26. Ng5 Rxf3 27.
Qxf3 h6 28. Ne4 Rf8 29. Qd3 Qf7 30. Re1 Qg6 31. g3 Qg4 32. d5 exd5 33. cxd5
cxd5 34. Qxd5+ Kh8 35. Qc6 Bb8 36. Nc3 Bxg3 37. Rg1 Qf5+ 38. Ka1 Bxh4 39. Qb7
Qf7 40. Qe4 Bg5 41. a3 Qf3 42. Qe6 Bf6 43. Ne4 Qxa3+ 0-1

[Event "FRA T II 20102011"]
[Site "FRA"]
[Date "2010.11.13"]
[Round "2.4"]
[White "Orozco, Rafael"]
[Black "Medghoul, Sherif"]
[Result "0-1"]
[WhiteElo "2036"]
[BlackElo "2226"]
[PlyCount "76"]
[EventDate "2010.11.13"]
[EventType "team-match"]
[EventRounds "9"]
[EventCountry "FRA"]
[Source "FFE"]
[SourceDate "2010.10.29"]
[BlackTeamCountry "FRA"]

1. e4 e6 2. Nf3 d5 3. e5 c5 4. b4 cxb4 5. d4 Nc6 6. a3 f6 7. axb4 Bxb4+ 8. c3
Be7 9. Bd3 fxe5 10. dxe5 Nh6 11. Bxh6 gxh6 12. O-O O-O 13. Re1 Rf7 14. Nbd2 Bd7
15. Nd4 Nxd4 16. cxd4 Bb4 17. Re3 Kh8 18. Nb3 Qf8 19. Ra2 a5 20. Rh3 b6 21. Na1
Bc3 22. Bg6 hxg6 23. Rxc3 Bb5 24. Qg4 Qb4 25. Rac2 Kg7 26. h4 Raf8 27. h5 g5
28. Qxe6 Qxd4 29. Qg6+ Kh8 30. Qxh6+ Kg8 31. Rg3 Qxa1+ 32. Kh2 Qxe5 33. f4 Qxf4
34. Rf2 Qh4+ 35. Kg1 Qxg3 36. Qg6+ Rg7 37. Qe6+ Rff7 38. Rxf7 Rxf7 0-1